000
00313nam a22001217a 4500
003
OSt
005
20260206101122.0
008
260206b |||||||| |||| 00| 0 eng d
040
_c
fms
100
_a
Stevenson(W.J),etc
_9
1114035
245
_a
Introduction to management science:Spread sheets
942
_2
CC
_c
TB
_n
0
999
_c
1678740
_d
1678740